• 首页
  • 本馆介绍
  • 公告通知
  • 最新文献
  • 馆藏检索
  • 电子资源
  • 读者导购
  • 参考咨询
  • 我的图书馆
  • 登录
  • 详细信息显示
  • 放入我的书架
  • 预约/预借图书
  • 作者相关作品
  • 分类相关作品
  • 丛书相关作品
  • 出版社相关作品

书目信息

  • 表格格式
  • 工作单格式
  • 卡片格式
题名:
造型设计实践
    
 
作者: 盛建平 编著
分册:  
出版信息: 北京   中国轻工业出版社  2007
页数: 176页
开本: 26cm
丛书名:
单 册:
中图分类: TB472
科图分类:
主题词: 工业产品--造型设计--高等学校--教材 , 工业产品 , 造型设计
电子资源:
ISBN: 978-7-5019-5540-4
000 00914nam0 2200277 45
001 1050779968
005 20100420094425.56
010    @a978-7-5019-5540-4@dCNY38.00
100    @a20100408d2007 em y0chiy0120 ea
101 0  @achi
102    @aCN@b110000
105    @aa z 000yy
106    @ar
200 1  @a造型设计实践@AZao Xing She Ji Shi Jian@dModels design@f盛建平编著@FSheng Jian Ping Bian Zhu@zeng
210    @a北京@c中国轻工业出版社@d2007
215    @a176页@c图@d26cm
300    @a高等学校工业设计专业教材
330    @a本书主要从造型的基本法则出发,通过对大量实例的讲解,论述对于有特定功能的日用产品开发所应该考虑到的基本问题。
510 1  @aModels design@zeng
606 0  @a工业产品@x造型设计@x高等学校@j教材
606 0  @a工业产品
606 0  @a造型设计
690    @aTB472@v4
701  0 @a盛建平@ASheng Jian Ping@4编著
801  0 @aCN@bTANGWEI@c20100420
905    @b0590407-09@dTB472@e207@f3
    
    造型设计实践=Models design/盛建平编著.-北京:中国轻工业出版社,2007
    176页:图;26cm
    高等学校工业设计专业教材
    
    ISBN 978-7-5019-5540-4:CNY38.00
    本书主要从造型的基本法则出发,通过对大量实例的讲解,论述对于有特定功能的日用产品开发所应该考虑到的基本问题。
●
相关链接 在E读中查询图书 在五车中查询图书 在当当中查询图书 在豆瓣中查询图书


正题名:造型设计实践     索取号:TB472/207         预约/预借

序号 登录号 条形码 馆藏地/架位号 状态 备注
1 0590407   205904075   第二样本阅览室/ [索取号:TB472/207] 在馆    
2 0590408   205904084   密集书库-物理学院/ [索取号:TB472/207] 在馆    
3 0590409   205904093   第三借阅区/ [索取号:TB472/207] 在馆    
唐山师范学院图书馆 欢迎您!
大连网信软件有限公司© 版权所有